LEADER 01013nam a2200241 i 4500 001 000000079732 003 CaOOAMICUS 005 20170505000000.0 008 170505s2010 it u000 u ita u 013 $a51969 020 $a978-88-6087-376-7 040 $aSeMil$bita 100 1 $aSalvi, Sergio <1932- >.$0(OLS)http://semarc/name/91273 245 13$aIl Pianeta ovale :$buna storia del rugby l'altro volto del football /$cSergio Salvi. 260 $aFirenze :$bLe Lettere,$c2010. 300 $a148 p., [32] p. di tav. :$bill. ;$c22 cm. 650 4$aSport.$0(OLS)http://semarc/subject/10105 850 $aSeMil 852 $aSeMil$W1$xVenegono$y1$m3XD III 5$j45369$B45369$CSeMilBibl$Z2$F47328 $81 961 $aLascito: Coronelli don Renato 996 $6020$a978-88-6087-376-7$9(OLS)http://semarc/number/270588 996 $6245$aIl Pianeta ovale :$buna storia del rugby l'altro volto del football$9(OLS)http://semarc/title/403595 996 $6260$aFirenze :$bLe Lettere$9(OLS)http://semarc/publisher/31664 LEADER 01103nam a2200229 i 4500 001 000000092442 003 CaOOAMICUS 005 20151130000000.0 008 151130s1834 it u000 u ita u 013 $a64684 040 $aSeMil$bita 100 1 $aGatteschi, Stanislao.$0(OLS)http://semarc/name/41111 245 10$aMemorie intorno al martirio e culto della vergine santa Filomena ed all'invenzione e traslazione del di lei sacro corpo /$ccompendiate dal religioso fiorentino p. Stanislao Gatteschi. 260 $aFirenze :$bV. Batelli e figli,$c1834. 300 $a152 p., [1] c. di tav. :$bill. calcogr. ;$c16 cm. 650 4$aFilomena .$0(OLS)http://semarc/subject/16563 850 $aSeMil 852 $aSeMil$W1$xVenegono$y1$m3J I 92 FA$j55330$B55330$CSeMilBibl$Z2$F60043 $8I 941 1 $a10 961 $aRecupero: Mantegazza 996 $6245$aMemorie intorno al martirio e culto della vergine santa Filomena ed all'invenzione e traslazione del di lei sacro corpo$9(OLS)http://semarc/title/138606 996 $6260$aFirenze :$bV. Batelli e figli$9(OLS)http://semarc/publisher/38374